000 00704nam a2200217Ii 4500
003 JO-AjNU
008 230605s9999||||xx |||||||||||||| ||und||
017 _a88/2241
020 _a977-106-001-5
040 _aJO-AjNU
_bara
_erda
_cJO-AjNU
041 _aara
050 1 4 _aBP144.K53 1988
100 3 _aكشك، عبد الحميد,
_eauthor
_917521
245 0 0 _aفتاوى الشيخ كشك:هموم المسلم اليومية، ج4
264 3 1 _aالقاهرة: دار المختار الاسلامي، 1988
300 _aج4، 135ص
336 _atext
_btxt
_2rdacontent
337 _aunmediated
_bn
_2rdamedia
338 _avolume
_bnc
_2rdacarrier
650 4 _aالفقه الاسلامي
_917522
999 _aA5427
_c8995
_d8995